[Event "Haarlemse Meesters 2019"]
[Site "Haarlem"]
[Date "2019.10.22"]
[Round "1.1"]
[White "Moucheroud, Jeremy"]
[Black "Lahaye, Rick"]
[Result "1-0"]
[WhiteElo "2294"]
[BlackElo "2414"]
[Annotator "TA"]
[PlyCount "77"]
[EventDate "2019.10.19"]
[EventType "tourn"]
[EventCountry "NED"]
[SourceTitle "playchess.com"]
[Source "ChessBase"]
[SourceQuality "1"]

{[%evp 18,76,55,62,78,56,69,54,58,62,46,-2,54,27,99,97,112,119,203,185,371,355,373,333,541,289,573,537,511,452,600,574,569,555,610,533,799,794,789,774,762,664,677,676,832,829,823,812,1047,994,921,833,5127,980,998,966,1569,1566,1164,1094,29999]} 1. e4 c5 2. Nf3 d6 3. d4 cxd4 4. Nxd4 a6 5. c4 e6 6. Nc3 Nd7 7. Be3 b6 8. Be2 Bb7 9. O-O Ngf6 10. f3 Rc8 {B41: Sicilian: Kan Variation: 5 c4} (10... Be7 11. Rc1 O-O 12. a3 Rc8 13. b4 Qc7 14. Qd2 Qb8 15. Rfd1 Bd8 16. Kh1 Re8 17. Bg1 Bc7 18. Rb1 h5 19. Qe1 {½-½ (95) Nepomniachtchi,I (2714)-Kamsky,G (2683) Sochi 2015}) 11. Rc1 Rg8 $146 ({Predecessor:} 11... Be7 12. a3 O-O 13. Qd2 Qc7 14. b4 Qb8 15. Rc2 Bd8 16. Kh1 Bc7 17. Bg1 Kh8 18. Rb1 {1-0 (46) Kovacevic,A (2562)-Rezan,S (2431) Sibenik 2009}) 12. Qd2 h6 {White is slightly better.} 13. Rfe1 g5 14. Bf1 Rc5 ({Black should try} 14... g4 $11) 15. Nb3 Re5 (15... Rc8 $11) 16. Bd4 $36 {[%mdl 2048] White is on the roll.} g4 {[#] aiming for ...gxf3.} 17. Bxe5 Nxe5 (17... dxe5 $16 {might work better.} 18. Be2 gxf3 19. Bxf3 Nc5) 18. f4 $18 Nf3+ $2 (18... Nc6 19. g3 Nd7) 19. gxf3 gxf3+ 20. Kf2 d5 $2 (20... Nh5 21. Kxf3 Qh4) 21. Kxf3 Bb4 $2 (21... dxe4+ {is a better defense.} 22. Ke2 (22. Nxe4 Nxe4 23. Qxd8+ Kxd8 $14) 22... Qxd2+ 23. Nxd2 Bd6) 22. cxd5 exd5 23. Qd4 Bxc3 24. bxc3 {[%cal Bb2c3,Bc3c4][%mdl 32]} dxe4+ 25. Ke2 Nd5 26. Kd1 e3 27. c4 Nxf4 28. Rxe3+ Ne6 29. Qxd8+ Kxd8 30. Kc2 a5 31. Rd1+ Kc7 32. Nd4 Nc5 33. Re7+ Kb8 34. Rde1 Rg4 35. Nb5 Be4+ 36. Kc1 f5 37. Rd1 {[%cal Rd1d8] [#]} Rg8 38. Rd6 Rg1 39. Rd8# 1-0

[Event "Haarlemse Meesters 2019"]
[Site "Haarlem"]
[Date "2019.10.22"]
[Round "1.2"]
[White "Hainke, Guntram"]
[Black "Lopez, Jasel"]
[Result "1/2-1/2"]
[WhiteElo "2365"]
[BlackElo "2409"]
[Annotator "TA"]
[PlyCount "104"]
[EventDate "2019.10.19"]
[EventType "tourn"]
[EventCountry "NED"]
[SourceTitle "playchess.com"]
[Source "ChessBase"]
[SourceQuality "1"]

{[%evp 13,104,0,7,9,10,0,0,-7,0,0,5,0,8,2,12,0,0,0,26,29,90,74,92,93,216,65,143,22,124,35,36,0,0,0,0,0,45,8,12,-8,0,0,0,0,0,0,0,0,0,0,0,0,0,0,0,0,0,0,0,0,0,0,0,0,0,0,0,0,0,0,0,0,0,0,0,0,0,0,0,0,0,0,0,0,0,0,0,0,0,0,0,0,0]} 1. d4 e6 2. c4 Nf6 3. Nc3 Bb4 4. e3 O-O 5. Bd2 d5 6. Rc1 b6 7. Nf3 Bb7 8. cxd5 {E51: Nimzo-Indian: Rubinstein: 4...0-0 5 Nf3 d5} exd5 9. a3 (9. Bd3 Be7 10. O-O c5 11. dxc5 bxc5 12. Na4 Nbd7 13. Bc3 Ne4 14. Bxe4 dxe4 15. Ne5 Nxe5 16. Bxe5 Qxd1 17. Rfxd1 {½-½ (30) Wang,Y (2690)-Cheparinov,I (2702) China 2018}) 9... Be7 10. Bd3 Nbd7 11. O-O a6 12. Ne5 c5 $146 ({Predecessor:} 12... Nxe5 13. dxe5 Nd7 14. f4 Nc5 15. Bxh7+ Kxh7 {1-0 (31) Maksimovic,B (2306)-Bogosavljevic,B (2518) Valjevo 2018}) 13. f4 Ne4 14. Be1 Nxe5 15. dxe5 Nxc3 16. Bxc3 d4 (16... f5 $11 {remains equal.}) 17. exd4 $16 cxd4 18. Bd2 Qd5 (18... f5 $16 {might work better.}) 19. Qe2 $2 ({Only move:} 19. Qg4 $18) 19... b5 ({Black should try} 19... Rac8 $14) 20. Rc2 (20. Rc7 $16 Bd8 21. Rxb7 Qxb7 22. Be4) 20... f6 (20... Rfc8 $11 {keeps the balance.}) 21. Bb4 ({White should play} 21. Rc7 $16 Bd8 22. Rxb7 Qxb7 23. Be4 {[%mdl 64] Skewer}) 21... Bxb4 $14 22. axb4 {Strongly threatening Qh5.} (22. Qh5 $5 {[%cal Rd3h7]} f5 23. axb4 $11) 22... fxe5 {[#] White must now prevent ...e4.} 23. Rc5 Qd7 24. Rxe5 {aiming for Re7.} Rae8 $1 25. Re1 Rxe5 {The position is equal.} 26. Qxe5 Qg4 {[%csl Gb7][%cal Rg4g2] [#]} 27. g3 Qf3 {[%csl Gb7][%cal Rf3g2]} 28. Be4 Bxe4 {[%csl Ge4][%cal Rf3g2]} 29. Qe6+ Kh8 {[%csl Ge4][%cal Rf3g2]} 30. Qxe4 Qxe4 31. Rxe4 $11 {[%mdl 4096] Endgame KR-KR} Rd8 32. Kf2 d3 {And now ...d2 would win.} 33. Ke1 d2+ 34. Kd1 Kg8 35. Re2 Rd4 36. Rxd2 Rxb4 37. Kc1 a5 38. Rd7 a4 39. Rb7 h5 40. Rc7 h4 41. Rc5 hxg3 42. hxg3 Rb3 43. g4 Rb4 44. f5 Rxg4 {Threatens to win with ...Rc4+.} 45. Rxb5 Rf4 46. Kd2 Kh7 47. Ke3 Rf1 48. Rb4 Rxf5 49. Rxa4 g5 50. Ra6 g4 51. Ra4 Rf3+ 52. Ke2 Rb3 {Accuracy: White = 51%, Black = 61%.} 1/2-1/2

[Event "Haarlemse Meesters 2019"]
[Site "Haarlem"]
[Date "2019.10.22"]
[Round "1.3"]
[White "De Ruiter, Danny"]
[Black "Tondivar, Babak"]
[Result "1/2-1/2"]
[WhiteElo "2268"]
[BlackElo "2324"]
[Annotator "TA"]
[PlyCount "60"]
[EventDate "2019.10.19"]
[EventType "tourn"]
[EventCountry "NED"]
[SourceTitle "playchess.com"]
[Source "ChessBase"]
[SourceQuality "1"]

{[%evp 17,60,0,0,0,0,0,0,0,11,0,-4,2,-7,-56,-47,-63,-55,-80,-51,-52,-21,-17,-8,-8,-8,-16,31,-20,-16,-16,0,-21,-14,-14,-18,-15,-22,-22,-5,-6,-6,-6,-6,-8,0]} 1. Nf3 Nf6 2. c4 e6 3. g3 d5 4. Bg2 Be7 5. d4 O-O 6. Nbd2 c6 7. Qc2 b6 8. O-O Bb7 9. e4 Na6 10. a3 {E06: Closed Catalan: Early deviations} c5 {[%cal Rd5e4]} 11. cxd5 exd5 12. e5 Ne4 13. Nxe4 $146 ({Predecessor:} 13. dxc5 Naxc5 14. b4 Ne6 15. Bb2 Rc8 16. Qb3 d4 17. Nxe4 Bxe4 {0-1 (58) Moranda,W (2559)-Sargissian,G (2666) Warsaw 2012}) 13... dxe4 14. Nd2 cxd4 {...d3 is the strong threat.} 15. Bxe4 Bxe4 16. Qxe4 Nc5 17. Qf3 f6 18. exf6 Rxf6 19. Qd1 Qd5 20. b4 Ne6 21. f4 Raf8 22. Qb3 (22. Qf3 $1 $14 Qf5 23. Qb3) 22... Qxb3 $11 {The position is equal.} 23. Nxb3 {[#]} g5 $1 {[%cal Rg5f4][%mdl 512]} 24. Bb2 (24. fxg5 Rxf1+) 24... gxf4 25. Nxd4 fxg3 26. hxg3 Nxd4 27. Bxd4 Rd6 28. Rae1 Rxf1+ 29. Kxf1 Kf7 30. Re4 Bf6 {Accuracy: White = 53%, Black = 68%.} 1/2-1/2

[Event "Haarlemse Meesters 2019"]
[Site "Haarlem"]
[Date "2019.10.22"]
[Round "1.4"]
[White "Gijswijt, Bart"]
[Black "Peelen, Piet"]
[Result "1/2-1/2"]
[WhiteElo "2387"]
[BlackElo "2348"]
[Annotator "TA"]
[PlyCount "57"]
[EventDate "2019.10.19"]
[EventType "tourn"]
[EventCountry "NED"]
[SourceTitle "playchess.com"]
[Source "ChessBase"]
[SourceQuality "1"]

{[%evp 24,57,12,13,34,0,0,0,0,0,0,-76,-83,-204,-195,-225,-181,-289,-282,-240,0,0,0,0,0,0,0,0,0,0,0,0,0,0,0,0]} 1. d4 Nf6 2. c4 g6 3. Nc3 Bg7 4. e4 d6 5. Nf3 O-O 6. Be2 e5 7. Be3 exd4 8. Nxd4 Re8 9. f3 c6 10. O-O d5 11. cxd5 Nxd5 12. Nxd5 cxd5 13. Qb3 a5 {[%cal Ba7a5,Ba5a4][%mdl 32] E94: King's Indian: Classical: 6 Be2 e5 7 0-0: Various Black 7th moves} 14. Bb5 (14. Rad1 a4 15. Qc2 Bd7 16. Nb5 Nc6 17. Nd6 Re7 18. Nxb7 Qc7 19. Nc5 d4 20. Bf2 Be8 21. Nd3 {0-1 (48) Lalith,B (2587)-Mamedov,R (2688) Doha 2016}) 14... Bd7 {[#] ...a4 is the strong threat.} 15. Rad1 a4 $146 {[%cal Ra4b3]} ({Predecessor:} 15... Nc6 16. Bxc6 bxc6 17. exd5 Rb8 18. Qd3 c5 19. Nc6 Bxc6 20. dxc6 Qxd3 21. Rxd3 {1-0 (46) Goormachtigh,J (2177)-Sterck,A (1852) Leuven 2013}) 16. Qxd5 Ra5 17. Qc4 ({Not} 17. Bg5 $2 Qb6 $19) (17. b4 $11 {keeps the balance.} Bxd4 18. Qxd4 (18. bxa5 Bxe3+ 19. Kh1 Qc7 $11) 18... Rxb5 19. Bf4) 17... Bxd4 $1 $17 18. Rxd4 (18. Qxd4 $17 Rxb5 19. Bf4) 18... Rxb5 $19 19. Rfd1 {Strongly threatening Rxd7!} Qa5 20. Rd6 (20. Qc2 {might work better.}) 20... Rxb2 21. Qd4 Qb4 $2 ({Better is} 21... Qb5 $19 22. Bh6 Qe5 23. Qxe5 Rxe5) 22. Qf6 $1 $36 {[%mdl 2048] The position is equal. White has the initiative.} Rb1 $1 {[%cal Rb1d1]} 23. Rxb1 $1 Qxb1+ {[%mdl 64] [#] Double Attack} 24. Kf2 {Bh6 would kill now.} Qxa2+ 25. Kg3 $1 Re6 26. Qd8+ Re8 27. Qf6 $1 {White wants to mate with Bh6.} Re6 28. Qd8+ Re8 29. Qf6 $1 1/2-1/2

[Event "Haarlemse Meesters 2019"]
[Site "Haarlem"]
[Date "2019.10.22"]
[Round "1.5"]
[White "Welling, Gerard"]
[Black "De Strycker, Nathan"]
[Result "1/2-1/2"]
[WhiteElo "2302"]
[BlackElo "2302"]
[Annotator "TA"]
[PlyCount "65"]
[EventDate "2019.10.19"]
[EventType "tourn"]
[EventCountry "NED"]
[SourceTitle "playchess.com"]
[Source "ChessBase"]
[SourceQuality "1"]

{[%evp 15,65,-1,0,-7,16,-22,0,0,1,0,0,0,4,-12,19,0,3,3,18,8,17,-14,-4,-14,-10,-27,-27,-31,0,-43,-39,-18,-20,-31,-35,-19,0,0,-6,-2,-12,-54,-55,-61,-59,-77,0,-61,0,-61,0,-41]} 1. e4 e6 2. d3 c5 3. g3 Nc6 4. Bg2 g6 5. Nc3 Bg7 6. Be3 d6 7. Nge2 Nd4 8. O-O Ne7 9. Qd2 {B26: Closed Sicilian: 3 g3, lines with early Be3} Nec6 (9... O-O 10. Nd1 Nxe2+ 11. Qxe2 b6 12. Qd2 Bb7 13. Bh6 e5 14. Bxg7 Kxg7 15. Ne3 Qd7 16. f4 f6 17. Rf2 exf4 18. Rxf4 d5 19. Raf1 d4 {1-0 (36) Predke,A (2622)-Le,Q (2714) St Petersburg 2018}) 10. Nc1 O-O 11. Nd1 Ne5 12. f4 Ng4 13. c3 Nc6 14. Ne2 e5 $146 ({Predecessor:} 14... Bd7 15. h3 Nxe3 16. Nxe3 f5 17. Rad1 Kh8 18. exf5 gxf5 {1-0 (53) Utegaliev,A (2517)-Moisseyenko,I (2300) Almaty 2018}) 15. Kh1 Nxe3 16. Nxe3 exf4 17. Nxf4 Rb8 18. Rf2 b5 {[%cal Bb7b5,Bb5b4][%mdl 32]} 19. Raf1 b4 20. Nfd5 Be6 21. Nf6+ Kh8 22. Ned5 bxc3 23. bxc3 Ne5 24. d4 cxd4 25. cxd4 Ng4 26. Nxg4 Bxg4 27. Nf6 Bc8 {[#] Hoping for ...Ba6.} 28. Nd5 Ba6 29. Re1 Bc4 30. Ne3 Ba6 31. Nd5 Bc4 32. Ne3 $1 {[%cal Re3c4]} Ba6 33. Nd5 {Accuracy: White = 33%, Black = 65%.} 1/2-1/2

[Event "Haarlemse Meesters 2019"]
[Site "Haarlem"]
[Date "2019.10.22"]
[Round "2.1"]
[White "Tondivar, Babak"]
[Black "Gijswijt, Bart"]
[Result "0-1"]
[WhiteElo "2324"]
[BlackElo "2387"]
[Annotator "TA"]
[PlyCount "42"]
[EventDate "2019.10.19"]
[EventType "tourn"]
[EventCountry "NED"]
[SourceTitle "playchess.com"]
[Source "ChessBase"]
[SourceQuality "1"]

{[%evp 12,42,-14,-31,-38,-56,-43,-65,-65,-66,-57,-76,-60,-66,-84,-86,-68,-81,-30,-27,-35,-33,-33,-35,-29,-193,-202,-210,-208,-199,-186,-182,-184]} 1. Nf3 d5 2. g3 Nf6 3. Bg2 c5 4. c4 d4 5. d3 Nc6 6. O-O e5 7. Na3 Bd6 {A09: Réti Opening: 1 Nf3 d5 2 c4} 8. Nc2 (8. e3 O-O 9. exd4 cxd4 10. Bg5 h6 11. Bxf6 Qxf6 12. Nd2 Qe7 13. Nc2 f5 14. Re1 {1-0 (40) Movsziszian,K (2527)-Sonis,F (2448) Porto Mannu 2018}) 8... O-O 9. a3 a5 {Black is slightly better.} 10. b3 h6 11. Rb1 e4 $146 ({Predecessor:} 11... Nd7 12. Bd2 f5 13. Nfe1 Qe7 14. b4 axb4 15. axb4 cxb4 {1-0 (64) Smith,R (2275)-Khoze,E (2160) Melbourne 1996}) 12. Nfe1 Bf5 13. Bb2 Re8 14. e3 {[%cal Re3d4]} exd3 ({Better is} 14... Be5 $17) 15. Nxd3 $11 {[%cal Re3d4]} Ne5 16. Nxe5 Bxe5 17. exd4 cxd4 18. Re1 $2 {[#]} (18. Bxb7 $11 Rb8 19. Bc6) 18... d3 $19 {Black is clearly better.} 19. Ne3 d2 20. Re2 Bxb1 21. Rxd2 {[#]} Qb6 $1 {Accuracy: White = 41%, Black = 65%.} 0-1

[Event "Haarlemse Meesters 2019"]
[Site "Haarlem"]
[Date "2019.10.22"]
[Round "2.2"]
[White "Peelen, Piet"]
[Black "Welling, Gerard"]
[Result "1-0"]
[WhiteElo "2348"]
[BlackElo "2302"]
[Annotator "TA"]
[PlyCount "79"]
[EventDate "2019.10.19"]
[EventType "tourn"]
[EventCountry "NED"]
[SourceTitle "playchess.com"]
[Source "ChessBase"]
[SourceQuality "1"]

{[%evp 15,79,36,62,41,55,56,56,55,60,48,64,63,68,66,65,66,68,56,62,62,76,70,86,83,94,87,102,113,123,82,120,118,133,125,145,148,134,112,161,172,209,179,264,183,293,279,452,441,463,443,449,452,506,433,949,949,2169,2362,1991,1413,5519,4550,29986,29987,29987,29988]} 1. d4 g6 2. c4 Bg7 3. Nf3 d6 4. e4 Nd7 5. Nc3 e5 6. Be2 Ngf6 7. O-O O-O 8. Be3 Re8 9. Qc2 {E94: King's Indian: Classical: 6 Be2 e5 7 0-0: Various Black 7th moves} Ng4 10. Bg5 Bf6 11. Bxf6 {White is slightly better.} Ngxf6 12. Rad1 exd4 13. Nxd4 Nc5 {[%cal Rf6e4]} 14. f3 a5 {[#]} 15. Rfe1 $146 ({Predecessor:} 15. Ndb5 Bd7 16. Qd2 Bc6 {1-0 (42) Ftacnik,L (2545)-Casper,T (2387) Dresden 2015}) 15... c6 16. Bf1 Qb6 17. Kh1 Re7 18. Qd2 Ne8 19. b3 Bd7 20. Nc2 Rd8 21. Ne3 Qa7 22. Qc2 Qb8 23. a3 {[%cal Ba2a3,Ba3b4][%mdl 32]} Ng7 24. b4 axb4 25. axb4 Na6 26. Qb2 Nc7 27. Rxd6 Be6 28. c5 Red7 (28... Nce8 $142) 29. Red1 Qc8 (29... Nge8 {keeps fighting.}) 30. Na4 $18 Rxd6 $2 {[#]} (30... Qb8 31. Nb6 Rxd6 32. cxd6 Na8) 31. cxd6 ({Less strong is} 31. Rxd6 Nce8 $16) 31... Nce8 32. Nb6 Qb8 33. d7 Nc7 34. Qf6 {[#] Black must now prevent Nc8.} h5 (34... Na8 $142) 35. f4 Bg4 36. Nxg4 hxg4 37. f5 gxf5 38. exf5 Nd5 39. Nxd5 cxd5 40. Rxd5 {Accuracy: White = 91%, Black = 23%.} 1-0

[Event "Haarlemse Meesters 2019"]
[Site "Haarlem"]
[Date "2019.10.22"]
[Round "2.3"]
[White "Lahaye, Rick"]
[Black "De Strycker, Nathan"]
[Result "1-0"]
[WhiteElo "2414"]
[BlackElo "2302"]
[Annotator "TA"]
[PlyCount "77"]
[EventDate "2019.10.19"]
[EventType "tourn"]
[EventCountry "NED"]
[SourceTitle "playchess.com"]
[Source "ChessBase"]
[SourceQuality "1"]

{[%evp 9,77,0,2,11,8,0,40,32,33,18,30,16,25,19,23,-7,0,-8,33,34,39,31,37,41,75,62,64,72,143,141,168,172,235,225,226,116,118,129,127,138,118,150,180,198,221,183,150,106,156,94,84,75,246,193,218,100,398,389,513,505,1026,1031,1009,932,12839,9638,2849,2535,29996,29997]} 1. c4 Nf6 2. Nc3 c5 3. e3 (3. Nf3 Nc6 4. d4 cxd4 5. Nxd4 e6 6. a3 d5 7. cxd5 exd5 8. Bg5 Bc5 9. e3 Bxd4 10. exd4 O-O 11. Be2 h6 12. Bh4 g5 13. Bg3 Ne4 14. Nxe4 dxe4 15. d5 Ne7 16. Bc4 {½-½ (39) Nepomniachtchi,I (2775)-Dubov,D (2700) Paris 2019}) 3... g6 4. g4 h6 5. Bg2 Bg7 6. h3 {A34: Symmetrical English: 2 Nc3, lines with ...d5} Nc6 7. Nge2 d6 8. d3 $146 {White is slightly better.} ({Predecessor:} 8. a3 Bd7 9. Rb1 Ne5 10. d3 Bc6 {1-0 (32) Jadoul,M (2395)-Spiridonov,N (2400) Belfort 1989}) 8... Bd7 9. a3 O-O 10. O-O a6 11. f4 Rb8 12. a4 Ne8 13. f5 e6 {[%cal Re6f5]} 14. fxg6 fxg6 15. Rxf8+ Bxf8 16. d4 cxd4 17. exd4 Bg7 18. Be3 e5 ({Black should try} 18... Nf6) 19. d5 $16 Na5 20. b3 {[%cal Bb2b3,Bb3b4][%mdl 32]} b5 (20... Nf6 {was worth a try.}) 21. axb5 axb5 22. c5 ({Much less strong is} 22. cxb5 $6 Bxb5 23. Nxb5 Rxb5) (22. Nxb5 $18 {Strongly threatening Qc2.} Bxb5 23. cxb5) 22... dxc5 23. Bxc5 Nb7 24. b4 Ned6 25. Ng3 Rc8 26. Nce4 Bf8 27. Qd3 {aiming for Nxd6.} Be8 28. Bf2 Nxe4 29. Bxe4 (29. Nxe4 $142 Bxb4 30. Qe3) 29... Qf6 30. Ra7 Rc1+ $2 (30... Nd6 $16) 31. Kg2 $18 Nd6 {[#]} 32. Ra6 (32. Bc5 $1 $18 {is the precise move to win.}) 32... Qg7 $2 {[%mdl 8192]} (32... Bf7 $16 33. Be3 Rc4) 33. Bc5 Nc4 34. d6 Bd7 (34... Bxd6 $142 35. Rxd6 (35. Bxd6 Rd1 $18) 35... Nxd6) 35. Ra7 h5 36. g5 Bxd6 37. Ra8+ Kh7 38. Nxh5 {White wants to mate with Bxg6+!} Bxc5 {[#]} 39. Bxg6+ $1 {[%mdl 512] Accuracy: White = 55%, Black = 28%.} 1-0

[Event "Haarlemse Meesters 2019"]
[Site "Haarlem"]
[Date "2019.10.22"]
[Round "2.4"]
[White "Lopez, Jasel"]
[Black "De Ruiter, Danny"]
[Result "1-0"]
[WhiteElo "2409"]
[BlackElo "2268"]
[Annotator "TA"]
[PlyCount "55"]
[EventDate "2019.10.19"]
[EventType "tourn"]
[EventCountry "NED"]
[SourceTitle "playchess.com"]
[Source "ChessBase"]
[SourceQuality "1"]

{[%evp 27,55,0,9,0,6,0,6,0,0,0,0,0,71,43,44,44,115,0,47,46,49,50,48,22,16,13,69,35,399,401]} 1. d4 Nf6 2. c4 g6 3. Nc3 d5 4. cxd5 Nxd5 5. e4 Nxc3 6. bxc3 Bg7 7. Bc4 c5 8. Ne2 O-O 9. O-O Nc6 10. Be3 Na5 11. Bd3 b6 12. Qd2 e5 13. Bh6 cxd4 14. cxd4 exd4 15. Bxg7 {D87: Exchange Grünfeld: Classical Line: Variations without ...cxd4} Kxg7 16. f4 f6 17. f5 {The position is equal.} Nc6 {[%cal Ba5c6,Bc6e5,Be5d3][%mdl 32]} 18. Bb5 Ne5 19. Nxd4 {[#]} Qe7 $146 {[#]} (19... gxf5 $11 {remains equal.} 20. exf5 Kh8) ({Predecessor:} 19... gxf5 20. Rad1 {½-½ (42) Nakamura,H (2759)-Caruana,F (2736) Wijk aan Zee 2012}) 20. Rac1 $1 $16 Rd8 21. Qb2 a6 (21... Bd7 $14) 22. Bc6 (22. Nc6 $16 Nxc6 23. Bxc6) 22... Rb8 (22... Ra7 $5 {[%cal Re5d3]} 23. Bd5 (23. Qxb6 Rd6 $11) 23... Nd3 24. Qxb6 Nxc1 $16) 23. Bd5 Nd3 24. Nc6 $36 {[%mdl 2112] [#] Strongly threatening Qd2. Double Attack. White is more active.} Qd6 $1 25. Qc2 Nxc1 26. Nxd8 {Threatens to win with Nc6.} Qxd8 (26... Ne2+ $11 27. Qxe2 Qxd8) 27. Rxc1 $14 {And now Qc7+ would win.} Bxf5 $2 {[%mdl 8192]} (27... gxf5 $14 28. exf5 Kh8) 28. exf5 {Accuracy: White = 73%, Black = 23%.} 1-0

[Event "Haarlemse Meesters 2019"]
[Site "Haarlem"]
[Date "2019.10.22"]
[Round "2.5"]
[White "Moucheroud, Jeremy"]
[Black "Hainke, Guntram"]
[Result "1-0"]
[WhiteElo "2294"]
[BlackElo "2365"]
[Annotator "TA"]
[PlyCount "73"]
[EventDate "2019.10.19"]
[EventType "tourn"]
[EventCountry "NED"]
[SourceTitle "playchess.com"]
[Source "ChessBase"]
[SourceQuality "1"]

{[%evp 18,73,39,29,39,16,77,72,66,74,79,79,83,83,110,119,131,125,117,104,125,126,133,131,144,147,149,142,147,138,145,79,192,181,251,246,233,231,243,231,382,360,349,264,389,409,389,331,687,695,752,738,735,620,744,709,686,542]} 1. e4 Nf6 2. e5 Nd5 3. d4 d6 4. Nf3 dxe5 5. Nxe5 c6 6. Be2 Nd7 7. Nf3 g6 8. O-O Bg7 9. c4 Nc7 10. Nc3 O-O {B04: Alekhine's Defence: 4 Nf3} 11. Re1 (11. Bf4 Nf6 12. h3 Bf5 13. Be5 Ne4 14. Bxg7 Kxg7 15. Re1 Nf6 16. Qd2 Qd6 17. Rad1 Rad8 18. Qe3 {1-0 (33) Eljanov,P (2734)-Kasimdzhanov,R (2676) Douglas 2017}) 11... Nf6 (11... e5 $1 $11 {keeps the balance.}) 12. Bf4 Bg4 $146 {White is better.} ({Predecessor:} 12... Nh5 13. Be3 Ne6 14. Qb3 Nef4 15. Bf1 Qc7 16. h3 {1-0 (16) Robert,G-Laffranchise,L (2130) ICCF email 2009}) 13. h3 Bxf3 14. Bxf3 Ne6 15. Be3 Qd6 16. d5 cxd5 17. cxd5 Nc7 18. Qb3 b6 19. Rad1 Rac8 20. Qa4 {Bf4 is the strong threat.} b5 21. Nxb5 ({Don't play} 21. Qxa7 Ra8 $16) 21... Nxb5 22. Qxb5 Nd7 23. Bxa7 Ra8 {[#]} 24. Qb7 (24. Re6 $142 $1 {[%cal Re6d6]} fxe6 25. dxe6 {[%mdl 64] Discovered Attack}) 24... Bf6 (24... Bxb2 $16 25. Re6 (25. Qxb2 Rxa7 26. Rc1 Nf6 $16) 25... fxe6 26. dxe6 Qa3 27. exd7 Rxa7) 25. Rc1 $18 {Black must now prevent Rc6.} Ne5 (25... Bxb2 $142 26. Qxb2 Rxa7) 26. Be4 Bg5 27. Rc7 Bf4 28. Rxe7 Rfe8 $2 {[#]} (28... Rac8 29. Bd4 Ra8 30. Bxe5 Bxe5 31. Rxf7 {[%mdl 64] Deflection} Rxf7 32. Qxa8+ Kg7) 29. Rxe8+ Rxe8 30. Qb5 Rc8 (30... Nd7 $142 31. b4 Qc7) 31. b4 Bd2 32. Bc5 Qf6 $2 (32... Qd7 33. Qxd7 Nxd7) 33. Rd1 {White is clearly winning.} Bf4 34. d6 Qe6 35. Bd5 Qf5 36. Qe2 Nd7 37. Be4 {Accuracy: White = 74%, Black = 47%.} 1-0

[Event "Haarlemse Meesters 2019"]
[Site "Haarlem"]
[Date "2019.10.22"]
[Round "3.1"]
[White "De Ruiter, Danny"]
[Black "Moucheroud, Jeremy"]
[Result "1/2-1/2"]
[WhiteElo "2268"]
[BlackElo "2294"]
[Annotator "TA"]
[PlyCount "70"]
[EventDate "2019.10.19"]
[EventType "tourn"]
[EventCountry "NED"]
[SourceTitle "playchess.com"]
[Source "ChessBase"]
[SourceQuality "1"]

{[%evp 14,70,16,16,21,18,21,21,18,13,4,0,0,3,1,-4,0,-4,9,7,22,28,35,0,0,0,0,-3,16,2,18,19,27,18,99,-4,0,0,27,23,24,17,23,8,8,7,7,8,10,0,0,0,0,0,0,0,0,0,0]} 1. d4 d5 2. Nf3 Nf6 3. c4 e6 4. Nc3 Be7 5. Bg5 O-O 6. e3 Nbd7 7. Rc1 h6 8. Bh4 c5 {D63: Queen's Gambit Declined: Classical: 7 Rc1} 9. cxd5 Nxd5 10. Bxe7 Nxe7 11. dxc5 (11. Be2 b6 12. O-O Bb7 13. dxc5 Nxc5 14. b4 Ne4 15. Nxe4 Bxe4 16. Ne5 {1-0 (73) Radjabov,T (2758)-Sjugirov,S (2662) Khanty-Mansiysk 2019}) 11... Nxc5 12. b4 (12. Be2 {is more complex.} b6 13. b4 Qxd1+ 14. Rxd1 Nd7 15. O-O) 12... Qxd1+ 13. Rxd1 Nd7 14. Bc4 Nb6 15. Bb3 Nc6 $146 ({Predecessor:} 15... Bd7 16. O-O {½-½ (32) Nagel,R-Denecke,H DESC email 2006}) 16. a3 Rd8 17. O-O Kf8 18. Rxd8+ Nxd8 19. Ne5 Ke7 20. Rd1 Nd7 21. Nc4 b6 22. Ba4 Nf8 23. Nd6 {Threatens to win with Nf5+.} Nb7 {[#]} (23... Rb8 $11) 24. Nce4 (24. Nf5+ $1 $16 Kf6 25. Nd4) 24... Nxd6 $11 25. Nxd6 ({Don't blunder} 25. Rxd6 $2 f5 $19) 25... e5 26. Bc6 Rb8 27. Nb5 a5 28. Nc7 Be6 {The position is equal.} 29. Nxe6 Nxe6 {[%mdl 4096] Endgame KRB-KRN} 30. Rd7+ Kf6 31. Kf1 Rc8 32. b5 Rc7 33. Rd5 Rc8 34. Ke2 Rd8 35. Rxd8 Nxd8 {Accuracy: White = 46%, Black = 57%.} 1/2-1/2